Políticas sociales y acción local (Registro nro. 7031)

Detalles MARC
000 -LEADER
fixed length control field 01654 a2200241 4500
001 - CONTROL NUMBER
control field 60521
005 - DATE AND TIME OF LATEST TRANSACTION
control field 20260407155856.0
008 - FIXED-LENGTH DATA ELEMENTS--GENERAL INFORMATION
fixed length control field 260407a2006 arg spa d
003 - CONTROL NUMBER IDENTIFIER
control field AR-UNSa-BCEJYS
040 ## - CATALOGING SOURCE
Original cataloging agency AR-UNSa-BCEJYS
Language of cataloging spa
Transcribing agency AR-UNSa-BCEJYS
080 ## - UNIVERSAL DECIMAL CLASSIFICATION NUMBER
Universal Decimal Classification number 304.4
Common auxiliary subdivision Aspectos generales de las políticas y prácticas sociales y culturales (política social)
020 ## - INTERNATIONAL STANDARD BOOK NUMBER
International Standard Book Number 978-987-95115-6-5
041 ## - LANGUAGE CODE
Language code of text/sound track or separate title spa
100 1# - MAIN ENTRY--PERSONAL NAME
Personal name Acuña, Carlos H.
245 10 - TITLE STATEMENT
Title Políticas sociales y acción local
Name of part/section of a work 10 estudios de caso
264 #1 - PRODUCTION, PUBLICATION, DISTRIBUTION, MANUFACTURE, AND COPYRIGHT NOTICE
Place of production, publication, distribution, manufacture Buenos Aires :
Name of producer, publisher, distributor, manufacturer IDES
Date of production, publication, distribution, manufacture, or copyright notice 2006
300 ## - PHYSICAL DESCRIPTION
Extent 349 p.
Dimensions 21 cm.
505 ## - FORMATTED CONTENTS NOTE
Formatted contents note 1. Repensando las relaciones sociales locales / Carlos H. Acuña, Elizabeth Jelin y Gabriel Kessler - 2. Tensiones y conflictos de la participación social en el planeamiento estratégico de ciudades / Alicia González Andrada – 3. Participación social y comunitaria en el fortalecimiento de la atención primaria de la salud / Sebastián Essayag – 4. Las ONG en el campo de la salud sexual y reproductiva / Nina Zamberlin – 5. Violencia familiar en la ciudad de Buenos Aires / Mabel López Oliva – 6. El ambiguo valor de una herencia / Sergio Caggiano – 7. Acción cultural y trabajo comunitario en dos barrios del gran Buenos Aires / Carla Muriel del Cueto – 8. ¿El trueque es lo mismo para todos? / Mariana Luzzi – 9. De conflictos y negociaciones / Gabriela Wyczykier – 10. Sociedad y Estado: una relación compleja / Laura Mombello – 11. La larga historia de una política social / Pablo Bonaldi -
590 ## - LOCAL NOTE (RLIN)
Local note niveau_biblio:m niveau_hierar:0
700 1# - ADDED ENTRY--PERSONAL NAME
Personal name Jelin, Elizabeth
700 1# - ADDED ENTRY--PERSONAL NAME
Personal name Kessler, Gabriel
942 ## - ADDED ENTRY ELEMENTS (KOHA)
Koha item type
Existencias
Withdrawn status Lost status Damaged status Not for loan Home library Current library Shelving location Date acquired Total checkouts Full call number Barcode Date last seen Price effective from Koha item type Public note
        Biblioteca Prof. Eusebio Cleto del Rey Biblioteca Prof. Eusebio Cleto del Rey   07/04/2026   304.4 A189 L129223 07/04/2026 07/04/2026 Libro CANTO LATERAL UN POCO MANCHADO -